Music Quiz

Random Music Quiz

AKB48 Members Quiz Stats

 Plays Quiz not verified by Sporcle

Support Sporcle.
Go Orange.
Score 0/48 Timer 12:00
0 Plays Today
akb member % Correct
Team AMinami Takahashi
96.2%
Team AAtsuko Maeda
95.4%
Team KYuko Oshima
90.8%
Team KTomomi Itano
90.1%
Team AHaruna Kojima
88.5%
Team KSayaka Akimoto
87%
Team KMinami Minegishi
87%
Team BMayu Watanabe
86.3%
Team AMariko Shinoda
85.5%
Team BYuki Kashiwagi
81.7%
Team BTomomi Kasai
74.8%
Team KSae Miyazawa
73.3%
Team ARino Sashihara
67.2%
Team AAki Takajo
63.4%
Team AAsuka Kuramochi
61.8%
Team AAika Ota
61.1%
Team BRie Kitahara
61.1%
Team KYui Yokoyama
60.3%
Team KAyaka Umeda
59.5%
Team BSumire Sato
58.8%
Team AAmi Maeda
56.5%
Team BAmina Sato
55.7%
Team BMiho Miyazaki
55.7%
Team AHaruka Nakagawa
50.4%
akb member % Correct
Team BKana Kobayashi
50.4%
Team AShizuka Oya
49.6%
Team KMoeno Nito
48.9%
Team KReina Fujie
48.1%
Team BYuka Masuda
45.8%
Team AHaruka Katayama
45%
Team KAyaka Kikuchi
45%
Team ANatsumi Matsubara
42.7%
Team KSakiko Matsui
42.7%
Team KMayumi Uchida
40.5%
Team BNatsuki Sato
40.5%
Team ASayaka Nakaya
39.7%
Team BHaruka Ishida
39.7%
Team BMika Komori
39.7%
Team AMisaki Iwasa
38.9%
Team KMiku Tanabe
37.4%
Team BManami Oku
36.6%
Team BMariya Suzuki
36.6%
Team KTomomi Nakatsuka
35.9%
Team BRina Chikano
35.9%
Team BNatsumi Hirajima
35.1%
Team AChisato Nakata
34.4%
Team KMisato Nonaka
29%
Team KRumi Younezawa
4.6%

You're not logged in!

Compare scores with friends on all Sporcle quizzes.
OR
Log In

From the Vault

Films by Characters in Other Films II

by movielover94

I'd love it if Rocky Balboa and Dr. Frank-N-Furter did a comedy together someday...but that will probably never happen.
Remove Ads.
Support Sporcle.
Get the best of Sporcle when you Go Orange. This ad-free experience offers more features, more stats, and more fun while also helping to support Sporcle. Thank you for becoming a member.

Show Comments

Extras

Created Feb 25, 2011ReportNominate

Top Quizzes Today


Score Distribution

Your Account Isn't Verified!

In order to create a playlist on Sporcle, you need to verify the email address you used during registration. Go to your Sporcle Settings to finish the process.

Report this User

Report this user for behavior that violates our Community Guidelines.

Details: